000 00621nam a22001337a 4500
040 _cRUA
082 _aATM.s CHH 2013 B203 Or.1
100 _aCHHOEUR, SOTHUNN.
245 _aEffect of agrosolution on soil mecanic eggplant growth and yields, ឥទ្ធិពលជីអាក្រូសូលទៅលើមេកានិចដីការលូតលាស់និងទិន្នផលដំណាំត្រប់វែង
260 _aPhnom Penh
_bRUA
_c2013
300 _axi; 53p.
_bill.
_c29cm.
856 _uhttps://drive.google.com/file/d/1GIHP4p6LODtXPq5cvoLOYAD6hJw2W8LH/view?usp=sharing
942 _cATMSP
999 _c4424
_d4424